000 00438nam a2200145Ia 4500
008 100204s9999 xx 000 0 und d
082 _b11467
100 _aकदम बा.
245 _aनिष्पाप बळी
260 _b"मधुर पब्लिकेशन , पुणे 2"
_c1987
300 _a107
630 _aनिष्पाप बळी
730 _aनिष्पाप बळी
942 _cBOOK
999 _c455903
_d455900